banner-ar

هيا ننشر السلام : (Record no. 60959)

MARC details
000 -الفاتح
حقل البيانات ثابتة الطول 00832nam a22002417a 4500
005 - وقت وتاريخ اخر تعامل مع التسجيلة
رقم الضبط 20240530110436.0
008 - عناصر البيانات ثابتة الطول - معلومات عامة
حقل البيانات ثابتة الطول 150328s2011 ua g 000 d ara d
017 ## - رقم الايداع القانونى
رقم الايداع القانونى 2011/15359
المصدر ( الهيئة المختصة) مصر . دار الكتب المصرية
020 ## - الرقم الدولى المعيارى للكتب
الرقم الدولى المعيارى للكتاب 9772089335
040 ## - مصدر الفهرسة
وكالة الفهرسة الأصلية EG-CaGPL
082 04 - رقم تصنيف ديوى العشرى
رقم الطبعة 21
رقم التصنيف 812.043\
رقم المادة م هـ
100 0# - المدخل الرئيسى - إسم شخصى
الإسم الشخصى محمد صلاح الشربينى
245 10 - بيان العنوان
العنوان هيا ننشر السلام :
بقية العنوان مسرحية /
بيان المسئوليه,etc بقلم محمد صلاح الشربينى
246 10 - العنوان الموازى
عنوان صحيح/عنوان مختصر Let us, Distribute Peace
250 ## - بيان الطبعة
بيان الطبعة ط1
260 ## - PUBLICATION, DISTRIBUTION, ETC. (IMPRINT)
تاريخ النشر أو التوزيع 2011
300 ## - الوصف المادى
التعداد 247 ص ؛
أبعاد الوعاء 22 سم
650 04 - المدخل الاضافى بالموضوع-مصطلح موضوعى
مصطلح موضوعي المسرحيات العربية
650 04 - المدخل الاضافى بالموضوع-مصطلح موضوعى
مصطلح موضوعي السلام
التقسيم الفرعي العام مسرحيات
650 04 - المدخل الاضافى بالموضوع-مصطلح موضوعى
مصطلح موضوعي الادب العربى
942 ## - عناصر المدخل الإضافي( كوها)
مصدر التصنيف او مخطط الترفيف Dewey Decimal Classification
Koha [default] item type كتاب
260 ## - PUBLICATION, DISTRIBUTION, ETC. (IMPRINT)
-- القاهرة :
-- مكتبة مدبولى ،
Holdings
حالة التراجع حالة الفقد حالة تلف ليس للاعارة المكان المؤقت الموقع الحالى تاريخ الاكتساب اجمالي اﻻعارات رقم الطلب الباركود تاريخ اخر مشاهدة تاريخ تفعيل السعر نوع وعاء كوها
        مكتبة القاهرة الكبرى مكتبة القاهرة الكبرى 04/14/2015   812.043\ م هـ 160154 04/14/2015 04/14/2015 كتاب

Powered By

EGPV